| 000 | 00415nam a2200181Ia 4500 | ||
|---|---|---|---|
| 008 | 210210b1915 xxu||||| |||| 00| 0 eng d | ||
| 041 | _aeng | ||
| 082 | _a590/253 | ||
| 100 | _aPRATT (H S) | ||
| 245 | _aCourse in invertebrate zoology | ||
| 260 |
_aBoston _bGinn & company _c1915 |
||
| 650 | _azoology | ||
| 650 | _ainvertebrate | ||
| 650 | _ain | ||
| 650 | _aCourse | ||
| 690 | _aZoology | ||
| 906 | _a010825 | ||
| 999 |
_c138715 _d138715 |
||